000257222 001__ 257222 000257222 005__ 20260412040123.0 000257222 0247_ $$aG:(GEPRIS)562689919$$d562689919 000257222 035__ $$aG:(GEPRIS)562689919 000257222 040__ $$aGEPRIS$$chttp://gepris.its.kfa-juelich.de 000257222 150__ $$aUrsprünge der Schildkröten: Eine neuartige ontogenetische, biomechanische und phylogenetische Perspektive$$y2026 - 000257222 371__ $$aDr. Stephan Spiekman 000257222 450__ $$aDFG project G:(GEPRIS)562689919$$wd$$y2026 - 000257222 5101_ $$0I:(DE-588b)2007744-0$$aDeutsche Forschungsgemeinschaft$$bDFG 000257222 680__ $$a 000257222 909CO $$ooai:juser.fz-juelich.de:1056123$$pauthority:GRANT$$pauthority 000257222 909CO $$ooai:juser.fz-juelich.de:1056123 000257222 980__ $$aG 000257222 980__ $$aAUTHORITY
